000 00416pab a2200169 454500
008 180718b2012 xxu||||| |||| 00| 0 eng d
100 _aBrown, Andrew W.
245 _aThe rhetoric of institutional change
260 _c2012
300 _a297-321.
650 _aOrganizational change
700 _aGrant, David
700 _aAinsworth, Susan
773 _aOrganization Studies
908 _aN
909 _a95907
999 _c95907
_d95907